Estadísticas para Los 7 Pecados Capitales

Haz click aquí para tomar la prueba!

Estadísticas generales

  • Esta prueba ha sido tomada 1,811 veces
  • La puntuación promedio es 5 de 7

Estadísticas de respuestas

Pecado Capital % Correcto
Glotoneria
88%
Lujuria
81%
Envidia
76%
Codicia
68%
Ira
68%
Pereza
62%
Orgullo
52%

Distribución de puntuación

Porcentaje por número respondido

Porcentaje de gente con cada puntuación

Historial de tus puntuaciones

No has tomado esta prueba